| 000 | 01050nam a22003257a 4500 | ||
|---|---|---|---|
| 003 | CHAP | ||
| 005 | 20220817041257.0 | ||
| 008 | 971013s1989 r 00010 d | ||
| 010 | _a10129 | ||
| 011 | _a11101 | ||
| 035 | _a10339 | ||
| 040 | _cCHAP | ||
| 082 |
_a630.246724 _bJ3 |
||
| 100 | 0 | 0 |
_aJacobs, L. W. _eed _960853 |
| 245 | _aSelenium in agriculture and the environment | ||
| 260 |
_aMadison, Wis. : _bAmerican Society of Agronomy, _c1989 |
||
| 300 | _a223 p | ||
| 490 |
_aSSSA Special publication _v; 23 |
||
| 590 |
_aBATCH-UPD _b10 _c20130110 _lUCH01 _h1525 |
||
| 590 |
_aBATCH-UPD _b10 _c20130410 _lUCH01 _h0935 |
||
| 590 |
_aBATCH-UPD _b10 _c20130914 _lUCH01 _h1700 |
||
| 590 |
_aCONVERSION _b10 _c20130109 _lUCH01 _h1306 |
||
| 650 | 1 | 4 |
_aSelenio en nutrición animal. _9103793 |
| 650 | 1 | 4 |
_aSelenio en plantas. _9103794 |
| 650 | 1 | 4 |
_aSuelos _xSelenio en. _9110479 |
| 830 | 0 |
_aSSSA Special publication _v; 23 |
|
| 901 | _aBK | ||
| 942 | _cLIBRO | ||
| 949 |
_a630.246724 J3 _bBC _cLIBRO _d33724000029716 _eLIBRO _gI. c/e _h86454 _i10339 _si _t89.02 |
||
| 999 |
_c10129 _d10129 |
||